01543nam a22003737a 4500003000500000005001700005008004100022010001100063011001100074035001100085040000900096090001000105100004800115245025000163260003800413300002000451502005700471590003700528590004100565590004100606590004100647590004200688650004200730650004700772650002700819650003300846650002000879650002000899901000700919942001000926949006900936999001901005952014501024CHAP20220817044444.0110608s1966 mx r 00010 spa d a101441 a102413 a113101 cCHAP aTesis1 aZamudio Rodríguez, José Manuel.912356510aProcedimientos de construcción, programación, analisis de costos y controles, para instalar el sistema de protección catodica del muelle de descarga que petroleos méxicanos tiene en Guaymas, Sonorac/por José Manuel Zamudio Rodríguez aMéxico, D.F. :bEl autor,c1966 a209 h. :bilus. aTesis (Ing. Civil) -- UNAM. Facultad de Ingeniería aALEPHb10c20130110lUCH01h1540 aBATCH-UPDb10c20130110lUCH01h1306 aBATCH-UPDb10c20130410lUCH01h0822 aBATCH-UPDb10c20130914lUCH01h1012 aCONVERSIONb10c20130109lUCH01h135614aAnalisis de costos y beneficio.9596614aCombustiblesxMedidas de seguridad.92555514aConstrucción.92738314aPetróleozMéxico.98767814aProgramación.14aPuertos.992938 aBK cTESIS aTesisbBCcTESd33724002247819eTS1gDonaciØnh52368i113101sb c101441d101441 00102local4051708TESISaBCbBCcPA_TESISd2019-12-31eDonacionfTESISl0oTesisp33724002247819r2019-12-31 00:00:00w2019-12-31yTESIS